40 vragen over van alles en nog wat - Quiz 5 - Statistieken

Algemene statistieken
  • Deze quiz is 13 keer genomen
  • De gemiddelde score is 18 van 40
Antwoordstatistieken
Hint Antwoord % Correct
Hoe heet de ronde van Frankrijk bij wielrennen Tour
100%
Wat is het kwadraat van 11 121
92%
Welk automerk heeft een paard als embleem Ferrari
92%
Hoe heet de ronde van Italie bij wielrennen Giro
92%
Noem de vier modehoofdsteden in de wereld Parijs
92%
Hoeveel jaar was Obama President 8
85%
Noem de vier modehoofdsteden in de wereld Milaan
85%
Hoe heet de ronde van Spanje bij wielrennen Vuelta
77%
Van welk land is Quito de hoofdstad Ecuador
69%
Noem de vier modehoofdsteden in de wereld New York
69%
Welk insect kan de ziekte van Lynn dragen Teek
69%
Meest voorkomende vogels in Nederland Koolmees
62%
Hoeveel vierkanten ken je, noem er 4 Rechthoek
62%
Welke knop zit linksboven op de Windows PC Escape
54%
Noem de vier modehoofdsteden in de wereld Londen
54%
Meest voorkomende vogels in Nederland Merel
54%
Meest voorkomende vogels in Nederland Huismus
46%
Hoeveel vierkanten ken je, noem er 4(figuur met vier kanten) Vierkant
46%
Wat is de artiestennaam van Robert Zimmerman Bob Dylan
38%
Meest voorkomende vogels in Nederland Ekster
38%
Noem 6 modehuizen modehuizen uit Italie Gucci
38%
Wat betekend de afkorting LAT relatie Living Apart Together
38%
Hoeveel vierkanten ken je, noem er 4 Parallellogram
38%
Welk automerk heeft een leeuw als embleem Peugeot
38%
Noem 6 modehuizen modehuizen uit Italie Versace
38%
Uit hoeveel % water bestaat de wereld 70
31%
Meest voorkomende vogels in Nederland Pimpelmees
31%
Meest voorkomende vogels in Nederland Vink
31%
Noem 6 modehuizen modehuizen uit Italie Armani
23%
Wie is de geestelijke vader van Alfred Jodocus Kwak Herman van Veen
23%
Wat is Q-koorts in het Engels Q-fever
23%
Hoe heten de 7 grootste landen + Rusland G 8
15%
Meest voorkomende vogels in Nederland Kauw
15%
Hoeveel vierkanten ken je, noem er 4 Ruit
15%
Meest voorkomende vogels in Nederland Spreeuw
15%
Eega van de Britse prins William Catherine Middleton
0%
Noem 6 modehuizen modehuizen uit Italie Prado
0%
Noem 6 modehuizen modehuizen uit Italie Pucci
0%
Meest voorkomende vogels in Nederland Turkse tortel
0%
Noem 6 modehuizen modehuizen uit Italie Valentino
0%
Geen overeenkomende quizzen gevonden
Scoreverdeling
Procent van Mensen met Elke Score
Percentiel versus Aantal Correcte Antwoorden
Uw Scoregeschiedenis
U heeft deze quiz nog niet genomen